000 00441nam a2200169Ia 4500
008 131103s9999 xx 000 0 und d
040 _aLoreto College
041 _aEnglish
082 _aREF/JON
_bLCBED/7497
100 _aJones, Danniel
245 _aEnglish pronouncing dictionary
_cDanniel Jones
260 _aLondon
_bJ.M.Dent
_c1968
300 _a544p.
_c 21 cm.
650 _aDictionaries
850 _aLCBED/REF/JON
942 _cBK
999 _c34543
_d85022